000
00280nam a22001217a 4500
008
230606b xxu||||| |||| 00| 0 eng d
020
_a
071600803
082
_a
346.054
_b
BES
100
_c
Keith Best
245
_a
Write your own will
_b
new edition
300
_a
160p
942
_2
ddc
_c
BK
999
_c
502
_d
502